000 00891nas a2200289 4500
001 BR2011002042
003 BR-BrBNA
005 20231205114536.0
007 ta
008 230509b bl.|||p| |||| 00| 00por d
040 _aBR-BrBNA
_bpor
_cBiblioteca Nacional de Agricultura
041 _a(Pt)
072 _aK50
100 1 _aCamolesi, J.F.
100 1 _aScalforo, J.R.S.
100 1 _aOliveira, A.D. de
100 1 _aAcerbi Júnior, F.W.
100 1 _aRufini, A.L.
100 1 _aMello, J.M. de
245 1 _aAjuste, seleção e teste de identidade de modelo para volume e número de moirões da candeia (Eremanthus erythropappus)
650 _aTORA
650 _aMODELO MATEMÁTICO
650 _aMADEIRA
773 0 _tCerne (Brazil)
_xISSN 0104-7760
_g(Oct-Dec 2010), v. 16(4) p. 431-441
_wBR2011002042
909 _a202311
_bLúcia
_c55
_dLúcia Elande
942 _2AGRIS
_n0
_cANA
999 _c209244
_d209244